[Event "Senigallia Perini Memorial 3rd"]
[Site "Senigallia"]
[Date "2009.08.03"]
[Round "3"]
[White "Bonazzi, Edoardo"]
[Black "Giuliani, Sante"]
[Result "1/2-1/2"]
[WhiteElo "2183"]
[BlackElo "1987"]
[PlyCount "105"]
[EventDate "2009.08.01"]
[EventType "swiss"]
[EventRounds "9"]
[EventCountry "ITA"]
[SourceTitle "EXT 2010"]
[Source "ChessBase"]
[SourceDate "2010.11.25"]
[SourceVersion "1"]
[SourceVersionDate "2010.11.25"]
[SourceQuality "1"]

1. Nf3 d5 2. c4 c6 3. g3 Nf6 4. Bg2 Bf5 5. cxd5 cxd5 6. Qb3 Nc6 7. Qxb7 Bd7 8. Qb3 e5 9. d3 Rb8 10. Qd1 Bb4+ 11. Nfd2 e4 12. 0-0 exd3 13. exd3 0-0 14. Nc3 Bg4 15. Qa4 Nd4 16. Qxa7 Bxc3 17. bxc3 Ne2+ 18. Kh1 Nxc3 19. Ba3 Re8 20. Rfe1 Be6 21. Qc5 Rc8 22. Qd6 Nb5 23. Qxd8 Rexd8 24. Be7 Rd7 25. Bxf6 gxf6 26. Nb3 d4 27. Rec1 Rxc1+ 28. Nxc1 Na3 29. Nb3 Nc2 30. Rc1 Nb4 31. Rc8+ Kg7 32. Nc5 Ra7 33. Ra8 Rxa8 34. Bxa8 Bxa2 35. Kg2 f5 36. Bf3 Kf6 37. Nd7+ Ke7 38. Ne5 f6 39. Nc6+ Nxc6 40. Bxc6 Kd6 41. Bb7 Bb1 42. Ba6 Ba2 43. Bc8 Bd5+ 44. Kf1 f4 45. gxf4 Bf3 46. Bf5 h6 47. Be4 Bg4 48. Kg2 Ke6 49. Bb7 Be2 50. Ba6 Kd5 51. Kg3 Kc5 52. f5 Kb4 53. Kf4 1/2-1/2

[Event "Rome Elo op 3rd"]
[Site "Rome"]
[Date "2009.04.08"]
[Round "5"]
[White "Giuliani, Sante"]
[Black "Bonaposta, Fabrizio"]
[Result "0-1"]
[WhiteElo "1935"]
[BlackElo "2044"]
[PlyCount "64"]
[EventDate "2009.03.11"]
[EventType "swiss"]
[EventRounds "6"]
[EventCountry "ITA"]
[SourceTitle "EXT 2011"]
[Source "ChessBase"]
[SourceDate "2010.11.26"]
[SourceVersion "1"]
[SourceVersionDate "2010.11.26"]
[SourceQuality "1"]

1. Nf3 Nf6 2. g3 d5 3. Bg2 e6 4. 0-0 c5 5. d3 Be7 6. Nbd2 Nc6 7. e4 0-0 8. Re1 Qc7 9. c3 b6 10. Qe2 Ba6 11. e5 Nd7 12. Nf1 b5 13. Bf4 b4 14. Ne3 Qa5 15. Qd2 bxc3 16. bxc3 Nb6 17. Ng4 Na4 18. Rac1 Rab8 19. Rc2 Rb7 20. h4 Rfb8 21. h5 Rb2 22. Rec1 d4 23. h6 dxc3 24. Qe3 g6 25. Bg5 Qd8 26. Bxe7 Qxe7 27. Nf6+ Kh8 28. Ng5 Nd4 29. Rxc3 Nxc3 30. Rxc3 Re2 31. Qf4 Rxa2 32. Rxc5 Ne2+ 0-1

[Event "Rome Elo op 2nd"]
[Site "Rome"]
[Date "2009.02.18"]
[Round "6"]
[White "Di Mauro, Giuseppe"]
[Black "Giuliani, Sante"]
[Result "1/2-1/2"]
[WhiteElo "1943"]
[BlackElo "1935"]
[PlyCount "37"]
[EventDate "2009.01.14"]
[EventType "swiss"]
[EventRounds "7"]
[EventCountry "ITA"]
[SourceTitle "EXT 2011"]
[Source "ChessBase"]
[SourceDate "2010.11.26"]
[SourceVersion "1"]
[SourceVersionDate "2010.11.26"]
[SourceQuality "1"]

1. c4 e5 2. Nc3 Nc6 3. Nf3 Nf6 4. d4 exd4 5. Nxd4 Bb4 6. Bg5 h6 7. Bh4 0-0 8. Rc1 Nxd4 9. Qxd4 c5 10. Qd6 g5 11. Bg3 Ne4 12. Qxh6 Qb6 13. Qh5 Bxc3+ 14. bxc3 Qb2 15. Bf4 gxf4 16. Qg4+ Kh8 17. Qh5+ Kg7 18. Qg4+ Kh8 19. Qh5+ 1/2-1/2